A Study of the effectiveness and problems of JICA's Technical Cooperation from a capacity development perspective : (Record no. 13300)

MARC details
000 -LEADER
fixed length control field 00813nam a22002172 4500
001 - CONTROL NUMBER
control field 0000009834
005 - DATE AND TIME OF LATEST TRANSACTION
control field 20151217155844.0
008 - FIXED-LENGTH DATA ELEMENTS--GENERAL INFORMATION
fixed length control field 081201s xx 000 0 eng d
020 ## - INTERNATIONAL STANDARD BOOK NUMBER
International Standard Book Number 4902715953 :
040 ## - CATALOGING SOURCE
Original cataloging agency KABU
Transcribing agency KABU
100 1# - MAIN ENTRY--PERSONAL NAME
Personal name Miyoshi, Takahiro.
-- 0000161599
245 12 - TITLE STATEMENT
Title A Study of the effectiveness and problems of JICA's Technical Cooperation from a capacity development perspective :
Remainder of title case study of support for the advancement of Ghana's irrigated agriculture /
Statement of responsibility, etc. Takahiro Miyoshi, Narihide Nagayo.
250 ## - EDITION STATEMENT
Edition statement 1st ed.
260 ## - PUBLICATION, DISTRIBUTION, ETC. (IMPRINT)
Place of publication, distribution, etc. Tokyo :
Name of publisher, distributor, etc. JICA,
Date of publication, distribution, etc. 2006.
300 ## - PHYSICAL DESCRIPTION
Extent vii, 116 p.
650 #0 - SUBJECT ADDED ENTRY--TOPICAL TERM
Topical term or geographic name as entry element Irrigation farming
Geographic subdivision Ghana.
-- 0000161600
700 1# - ADDED ENTRY--PERSONAL NAME
Personal name Nagayo, Narihide.
-- 0000161601
852 1# - LOCATION
-- p500 KES
908 ## - PUT COMMAND PARAMETER (RLIN)
Put command parameter 081201
950 ## - LOCAL HOLDINGS (RLIN)
-- 1
Holdings
Withdrawn status Lost status Source of classification or shelving scheme Not for loan Home library Current library Date acquired Total Checkouts Full call number Barcode Date last seen Price effective from Koha item type
    Library of Congress Classification   Kabarak, Main Campus Kabarak, Main Campus 17/12/2015   S616 .G4M59 c. 1 15690 17/12/2015 17/12/2015 Africana Collection
Designed with assistance from East African Informatics Ltd